Tous les jeux de la saga Tomb Raider - Statistiques

Statistiques générales
  • Ce quiz a été pris 20 fois
  • Le résultat moyen est 8 sur 12
Statistiques - réponses
Jeux de la saga Tomb Raider % Correct
Tomb Raider
100%
Tomb Raider
100%
Tomb Raider 2
85%
Tomb Raider III: Les Aventures de Lara Croft
85%
Shadow of the Tomb Raider
69%
Tomb Raider: Anniversary
69%
Rise of the Tomb Raider
62%
Tomb Raider: Legend
54%
Tomb Raider: Underworld
54%
Tomb Raider: La Révélation finale
46%
Tomb Raider: L'Ange des ténèbres
38%
Tomb Raider: Sur les traces de Lara Croft
38%
Aucun quiz correspondant
Distribution des résultats
% des personnes avec chaque résultat
Percentile par nombre de réponses
Votre historique - résultats
Vous n’avez pas pris ce quiz